|
|
|
|
| LEADER |
00000nam a2200000 a 4500 |
| 001 |
252083 |
| 003 |
Ucuenca |
| 005 |
20230724152151.0 |
| 008 |
011041|2002 ||||||||r|||||||||||spa|| |
| 040 |
|
|
|b spa
|
| 041 |
1 |
|
|a spa
|
| 082 |
0 |
|
|a 636.089.617.51
|
| 245 |
0 |
0 |
|a Atlas clínico de enfermedades del oído, nariz y garganta en pequeños animales
|b Enfoque de casos clínicos
|c Cheryl S. Hedlund, Joseph Taboada, Sandra R. Merchant, Carlo M. Mortellaro, Richard A.S. White
|h imp
|
| 264 |
|
|
|a Buenos Aires
|b Inter-Médica
|c 2002
|
| 300 |
|
|
|a 208 páginas:
|b ilu
|c 28 cm
|
| 520 |
3 |
|
|a Contiene: El oído, Cavidad nasal y senos paranasales, La laringe, La tráquea, La cavidad oral, La faringe
|
| 650 |
|
4 |
|a Oído
|9 17280
|
| 700 |
|
|
|a Hedlund, Cheryl S.
|9 185581
|
| 700 |
|
|
|a Taboada, Joseph
|9 185582
|
| 852 |
|
|
|a UC-YANUNCAY
|c est_abierta
|f Compra
|k jterreros
|l 1
|m General
|p 2011-04-11
|q 199.00
|r 2
|t 252083
|b 0
|d CDRY
|e CDRY
|g 636.089.617.51
|z 2011-10-41
|
| 942 |
|
|
|c BK
|0 2
|
| 999 |
|
|
|c 61000
|d 61000
|